| 000 | 00630nam a2200265Ia 4500 | ||
|---|---|---|---|
| 008 | 181129s9999 xx 000 0 und d | ||
| 020 | _a9780803708693 | ||
| 050 | _bG456 1991 | ||
| 100 | _aGiffard, Hannah | ||
| 245 | 0 | _aRed fox / | |
| 245 | 0 | _cby Hannah Giffard. | |
| 260 | _aNew York, NY : | ||
| 260 | _bDial Books for Young Readers, | ||
| 260 | _c1991 | ||
| 300 | _aunpaged : | ||
| 300 | _bcolor illustrations ; | ||
| 300 | _c22cm. | ||
| 650 | _aRed fox -- | ||
| 650 | _aRed fox -- | ||
| 650 | _aRfoxes -- | ||
| 650 | _xFiction. | ||
| 650 | _xFiction. | ||
| 650 | _xJuvenile fiction. | ||
| 700 | _aTitle. | ||
| 999 |
_c359515 _d359515 |
||